000 00387nam a22001577a 4500
999 _c691
_d691
005 20210316164013.0
008 160513b xxu||||| |||| 00| 0 eng d
041 _aeng
082 _b1796
_a346.07
100 _aBangia. R.K.
_9533
245 _aPrinciples of Mercentile law
260 _aFaridabad
_bAllahabad law agency
_c2003
300 _a747
650 _aManagement
_9241
942 _cBK